Politický extremismus a radikalismus v České republice / s příspěvky Pavla Barši ... [et al.] ; editor Petr Fiala
Record details
- ISBN: 80-210-1798-8
- Physical Description: 303 s. ; 21 cm
- Publisher: Brno : Masarykova univerzita, 1998
Content descriptions
| General Note: | Poznámky Zkratky 400 výt. |
| Bibliography, etc. Note: | Bibliografie a prameny na s. 278-289 Obsahuje rejstřík |
Search for related items by subject
| Subject: | extremismus > Česko radikalismus > Česko |
| Genre: | studie |
Available copies
- 1 of 1 copy available at Common Catalog SPOK.
Holds
- 0 current holds with 1 total copy.
Show All Copies
| Location | Call Number / Copy Notes | Barcode | Shelving Location | Status | Due Date |
|---|---|---|---|---|---|
| Jabok Library | Soc-5.3 | 424480000373 | Odborná literatura | Available | - |
| LDR | 01358nam a2200409 a 4500 | ||
|---|---|---|---|
| 001 | 9337 | ||
| 003 | CZ-PrJAB | ||
| 005 | 20220527080932.0 | ||
| 007 | tu | ||
| 008 | 980629s1998 xr e 001 0 cze | ||
| 015 | . | ‡acnb000362428 | |
| 020 | . | ‡a80-210-1798-8 ‡q(brož.) | |
| 035 | . | ‡a(CZ PrNK)cpk19980362428 | |
| 035 | . | ‡a(OCoLC)42028949 | |
| 040 | . | ‡aABA001 ‡bcze | |
| 043 | . | ‡ae-xr--- | |
| 045 | . | ‡ax9x9 | |
| 072 | 7. | ‡a329 ‡xPolitické strany a hnutí ‡2Konspekt ‡915 | |
| 080 | . | ‡a329 ‡2undef | |
| 080 | . | ‡a323 ‡2undef | |
| 080 | . | ‡a321 ‡2undef | |
| 245 | 0 | 0. | ‡aPolitický extremismus a radikalismus v České republice / ‡cs příspěvky Pavla Barši ... [et al.] ; editor Petr Fiala |
| 260 | . | ‡aBrno : ‡bMasarykova univerzita, ‡c1998 | |
| 300 | . | ‡a303 s. ; ‡c21 cm | |
| 500 | . | ‡aPoznámky | |
| 500 | . | ‡aZkratky | |
| 500 | . | ‡a400 výt. | |
| 504 | . | ‡aBibliografie a prameny na s. 278-289 | |
| 504 | . | ‡aObsahuje rejstřík | |
| 650 | 0 | 7. | ‡aextremismus ‡7ph115793 ‡zČesko ‡2czenas |
| 650 | 0 | 7. | ‡aradikalismus ‡7ph124973 ‡zČesko ‡2czenas |
| 655 | 7. | ‡astudie ‡7fd133597 ‡2czenas | |
| 700 | 1 | . | ‡aFiala, Petr, ‡d1964 září 1.- ‡7jn19981001090 ‡4edt |
| 700 | 1 | . | ‡aBarša, Pavel, ‡d1960- ‡7jn20000400095 ‡4aut |
| 910 | . | ‡aABG312 | |
| 901 | . | ‡a9337 ‡bUnknown ‡c9337 ‡tbiblio | |